Multiple occupation (Record no. 77159)
[ view plain ]
| 000 -LEADER | |
|---|---|
| fixed length control field | 00982cab a2200205 4500 |
| 001 - CONTROL NUMBER | |
| control field | ##L133693 |
| 008 - FIXED-LENGTH DATA ELEMENTS--GENERAL INFORMATION | |
| fixed length control field | 060602n2006 000 0 eng u |
| 035 ## - SYSTEM CONTROL NUMBER | |
| System control number | (Sirsi) u133693 |
| 041 0# - LANGUAGE CODE | |
| Language code of text/sound track or separate title | eng |
| 100 1# - MAIN ENTRY--PERSONAL NAME | |
| Personal name | Mo, Debra |
| 245 00 - TITLE STATEMENT | |
| Title | Multiple occupation |
| 260 ## - PUBLICATION, DISTRIBUTION, ETC. | |
| Date of publication, distribution, etc. | 2006 |
| 490 #0 - SERIES STATEMENT | |
| Series statement | Solicitors' Journal |
| Volume/sequential designation | 150(19) 19 May 2006, 630-631(2) |
| 520 ## - SUMMARY, ETC. | |
| Summary, etc. | Highlights the impact of the Housing Act 2004 Part II (licensing of houses in multiple occupation) on landlords and tenants. Discusses the extent of the licensing scheme and its reception by landlords and local authorities. Reports on the license fees and the requirements specified within the license. Considers enforcement of the scheme, and the rights of occupiers to protection by local authorities from nuisance behaviour. |
| 590 ## - LOCAL NOTE (RLIN) | |
| Local note | IKA060606 |
| 650 24 - SUBJECT ADDED ENTRY--TOPICAL TERM | |
| Topical term or geographic name entry element | HOUSING ACT 2004 PART II |
| 651 #4 - SUBJECT ADDED ENTRY--GEOGRAPHIC NAME | |
| Geographic name | England and Wales |
| Chronological subdivision | 1543- |
| 690 ## - LOCAL SUBJECT ADDED ENTRY--TOPICAL TERM (OCLC, RLIN) | |
| Topical term or geographic name as entry element | PROPERTY-RESIDENTIAL PROPERTY-RESIDENTIAL LANDLORD AND TENANT |
| 942 ## - ADDED ENTRY ELEMENTS (KOHA) | |
| Suppress in OPAC | 0 |
| Withdrawn status | Lost status | Source of classification or shelving scheme | Damaged status | Not for loan | Home library | Current library | Shelving location | Date acquired | Total Checkouts | Full call number | Barcode | Date last seen | Copy number | Price effective from | Koha item type |
|---|---|---|---|---|---|---|---|---|---|---|---|---|---|---|---|
| Dewey Decimal Classification | London | London | Journal article | 02/06/2006 | L133693 | 133693-1001 | 06/08/2019 | 1 | 06/08/2019 | Journal article |